00676nam a2200181 4500001000700000003000900007005001700016007000300033008004100036080002100077100004100098245009200139260005400231300004800285852002100333999001900354952012100373138039ES-MaACL20230906195506.0t|070214s1927 sp r ||||1| spa d a821.134.2-14"19"1 aSánchez Madrigal, Ricardo.910274210aFlores de Murcia : bselección póstuma de poesías / cRicardo Sánchez Madrigal. aMurcia : b[s. n.], c1927 (fTip. San Francisco) aXIV, 240 p. : bretr. autor ; c22 x 14 cm. aES-MaACLjF-7362 c138039d138039 00104070aATENEOMbATENEOMcDEPO2d2008-01-17eSCl0oF-7362p1143641r2023-02-23 00:00:00w2023-02-23yMONOGRAFIA